LDR 00660naa#a2200181#i#450# 001 EN\\bibl\125539 005 20260702112155.4 011 ## _a2782-4586 100 ## _a20260630b2026####ek#y0engy0150####ca 102 ## _aRU 200 1# _aProblems of accounting, valuation and management of intangible assets in the era of digitalization _eJournal article 210 1# _aMoscow _cITBO University _d2026 215 ## _a9 с. 608 ## _aJournal article _2local 675 ## _aДинамика народного хозяйства. Экономическое развитие. 330.3 _z 700 #1 _aKarpovich _gYuliya Vladimirovna 700 #1 _aKalinina _gKarina Radionovna 856 4# _ajomeam.ru _u